[Event "Wch Juvenil 2010 sub10"]
[Site "Porto Carras GRE"]
[Date "2010.10.21"]
[Round "2.2"]
[White "Trjapishko, Alexandr"]
[Black "Barrish, Daniel"]
[Result "1/2-1/2"]
[WhiteElo "1931"]
[BlackElo "1684"]
[PlyCount "130"]
[EventDate "2010.10.20"]
[EventType "swiss"]
[EventRounds "11"]
[EventCountry "GRE"]
[Source "lmi"]
[SourceDate "2010.10.20"]

1. d4 Nf6 2. Nf3 e6 3. Bf4 b6 4. e3 Bb7 5. Bd3 d5 6. O-O Be7 7. c4 O-O 8. Nc3
c6 9. h3 Nbd7 10. Qe2 Rc8 11. Rfd1 Re8 12. a3 Nf8 13. Bh2 Bd6 14. Be5 Ng6 15.
Bxd6 Qxd6 16. Bxg6 hxg6 17. e4 dxe4 18. Nxe4 Nxe4 19. Qxe4 Qe7 20. Qf4 Qf6 21.
Qxf6 gxf6 22. Rd2 Red8 23. Rad1 Rd7 24. b4 Rcd8 25. c5 Ba6 26. Rc1 Bb5 27. Ra2
Ba4 28. Rb2 Rd5 29. Re1 Rb8 30. Rd2 Rbd8 31. Rb2 Kf8 32. g4 g5 33. Kg2 Bb5 34.
Rc2 R5d7 35. Kg3 Bd3 36. Rc3 Bb5 37. h4 gxh4+ 38. Kxh4 Kg7 39. Kg3 Kg6 40. g5
Rd5 41. gxf6 Kxf6 42. Kf4 Rh8 43. Re5 Rhd8 44. Ke3 Rxd4 45. Rxe6+ fxe6 46. Nxd4
e5 47. Nxb5 cxb5 48. cxb6 axb6 49. Rc6+ Kf5 50. Rxb6 Ra8 51. Rxb5 Rxa3+ 52. Ke2
Ra2+ 53. Kf3 Ra3+ 54. Kg2 Rb3 55. Rb6 Ke4 56. Rh6 Kd5 57. Rh4 e4 58. Rh5+ Kc4
59. Rc5+ Kd4 60. Rb5 Kc4 61. Rb6 Rxb4 62. Rd6 Kc5 63. Rd8 Rd4 64. Re8 Kd5 65.
Kf1 Ra4 1/2-1/2

[Event "Wch Juvenil 2010 sub10"]
[Site "Porto Carras GRE"]
[Date "2010.10.21"]
[Round "2.3"]
[White "Nussbaumer, Patrick"]
[Black "Gholami, Aryan"]
[Result "0-1"]
[WhiteElo "1665"]
[BlackElo "1902"]
[PlyCount "64"]
[EventDate "2010.10.20"]
[EventType "swiss"]
[EventRounds "11"]
[EventCountry "GRE"]
[Source "lmi"]
[SourceDate "2010.10.20"]

1. e4 c5 2. Nf3 d6 3. d4 cxd4 4. Nxd4 Nf6 5. Nc3 g6 6. Be3 Bg7 7. f3 O-O 8. Bc4
Nc6 9. Qd2 Nd7 10. O-O-O Nb6 11. Bb3 Na5 12. h4 Nbc4 13. Bxc4 Nxc4 14. Qd3 Nxe3
15. Qxe3 Bd7 16. h5 b5 17. f4 Bg4 18. hxg6 hxg6 19. Nc6 Qd7 20. Nd5 Rfe8 21.
Ne5 dxe5 22. Nf6+ exf6 23. Rxd7 Bxd7 24. Qd3 Rad8 25. fxe5 Bc6 26. Qh3 Rxe5 27.
Qc3 Bxe4 28. Qc7 Red5 29. Qxa7 Bh6+ 30. Qe3 Bxe3+ 31. Kb1 Rd1+ 32. Rxd1 Rxd1#
0-1

[Event "Wch Juvenil 2010 sub10"]
[Site "Porto Carras GRE"]
[Date "2010.10.21"]
[Round "2.4"]
[White "Haring, Viktor"]
[Black "Kouskoutis, Georgios-Alexandros"]
[Result "1/2-1/2"]
[WhiteElo "1893"]
[BlackElo "1665"]
[PlyCount "119"]
[EventDate "2010.10.20"]
[EventType "swiss"]
[EventRounds "11"]
[EventCountry "GRE"]
[Source "lmi"]
[SourceDate "2010.10.20"]

1. e4 e5 2. Nf3 Nc6 3. Bb5 a6 4. Ba4 Nf6 5. O-O b5 6. Bb3 d6 7. a4 Bg4 8. c3
Be7 9. Qe2 Rb8 10. axb5 axb5 11. Na3 Na5 12. Bc2 c6 13. b4 Nb7 14. h3 Bh5 15.
c4 bxc4 16. Nxc4 O-O 17. d3 Qc7 18. Bd2 Nd8 19. Qe3 Ne6 20. Bc3 Nd7 21. Ra7 Rb7
22. Rxb7 Qxb7 23. Na5 Qc7 24. Ba4 Nd8 25. Rc1 Nb6 26. Bb3 Nb7 27. Bd2 Nxa5 28.
bxa5 Nd7 29. Bc4 Nc5 30. Bb4 Ne6 31. Qb6 Qxb6 32. axb6 c5 33. Ba5 Bxf3 34. gxf3
Rb8 35. Rb1 Bd8 36. Ba6 Nd4 37. Kg2 Nc6 38. Bc3 Rxb6 39. Rxb6 Bxb6 40. Bc4 Kf8
41. Kf1 Ke7 42. Ke2 Kf6 43. f4 Bc7 44. fxe5+ dxe5 45. f4 Kg6 46. Bd5 Nd4+ 47.
Bxd4 exd4 48. Kf3 f5 49. e5 Kh5 50. Be6 g6 51. Kg3 Bd8 52. Bg8 Kh6 53. Bd5 Kg7
54. Be6 Kf8 55. Kf3 h5 56. Kg3 Ke7 57. Bd5 Ba5 58. Kh4 Kf8 59. Be6 Kg7 60. Kg3
1/2-1/2

[Event "Wch Juvenil 2010 sub10"]
[Site "Porto Carras GRE"]
[Date "2010.10.21"]
[Round "2.5"]
[White "Tomulic, Teo"]
[Black "Nigmatov, Ortik"]
[Result "1-0"]
[WhiteElo "1591"]
[BlackElo "1890"]
[PlyCount "87"]
[EventDate "2010.10.20"]
[EventType "swiss"]
[EventRounds "11"]
[EventCountry "GRE"]
[Source "lmi"]
[SourceDate "2010.10.20"]

1. e4 c5 2. Nf3 e6 3. d4 cxd4 4. Nxd4 a6 5. a4 b6 6. Bd3 Qc7 7. O-O Bb7 8. Nc3
d6 9. Be3 Nd7 10. Nb3 Ngf6 11. Re1 Be7 12. f4 O-O 13. Bf2 Rac8 14. h3 Nc5 15.
Nxc5 bxc5 16. b3 Nd7 17. Rb1 Qb8 18. Qe2 Qa8 19. g4 Bd8 20. h4 Ba5 21. Qd2 Rfd8
22. Rf1 d5 23. exd5 exd5 24. b4 Bxb4 25. Rxb4 cxb4 26. Ne2 Nf6 27. g5 Ne4 28.
Qxb4 a5 29. Qe1 Nd6 30. h5 Re8 31. g6 fxg6 32. hxg6 h6 33. f5 Ne4 34. Bd4 Ba6
35. f6 Nxf6 36. Bxf6 Bxd3 37. cxd3 Rc2 38. Rf2 Qa7 39. Bd4 Qxd4 40. Kf1 Qxd3
41. Rh2 Rf8+ 42. Rf2 Rxf2+ 43. Qxf2 Rxe2 44. Qf7+ 1-0

[Event "Wch Juvenil 2010 sub10"]
[Site "Porto Carras GRE"]
[Date "2010.10.21"]
[Round "2.6"]
[White "Alexakis, Georgios"]
[Black "Carnicelli, Valerio"]
[Result "0-1"]
[WhiteElo "1559"]
[BlackElo "1880"]
[PlyCount "120"]
[EventDate "2010.10.20"]
[EventType "swiss"]
[EventRounds "11"]
[EventCountry "GRE"]
[Source "lmi"]
[SourceDate "2010.10.20"]

1. d4 d5 2. Nf3 Nf6 3. c4 c6 4. Nc3 e6 5. Bf4 dxc4 6. Bxb8 Rxb8 7. a4 Bb4 8.
Ne5 O-O 9. e3 Nd5 10. Qc2 Re8 11. Bxc4 Qa5 12. Bxd5 exd5 13. O-O f6 14. Nf3 Bg4
15. Nd2 Bd6 16. h3 Bh5 17. Nb3 Qc7 18. Rac1 Bg6 19. Qd2 Qd7 20. Ne2 Bh5 21. Nc5
Bxc5 22. Rxc5 Bxe2 23. Qxe2 f5 24. Qc2 Qf7 25. a5 a6 26. b4 Re6 27. Rc3 Rg6 28.
Qe2 Qe7 29. Rb3 Qe4 30. f3 Qh4 31. Kh1 Re8 32. Qf2 Qxf2 33. Rxf2 Rge6 34. Re2
f4 35. Kg1 fxe3 36. g3 g5 37. Kg2 Kf7 38. g4 Kg6 39. Kg3 Kf6 40. Rd3 R8e7 41.
Rb3 Kf7 42. Rd3 Ke8 43. Rc3 Kd7 44. Rb3 Kc7 45. Rc3 b6 46. Rb3 bxa5 47. bxa5 c5
48. Rc3 c4 49. Kg2 Kc6 50. Kf1 Rb7 51. Rexe3 Rxe3 52. Rxe3 Kd6 53. Re8 Kc6 54.
Re6+ Kb5 55. Rd6 c3 56. Rxd5+ Kc4 57. Rc5+ Kd3 58. d5 c2 59. d6 Rd7 60. Rd5+
Kc4 0-1

[Event "Wch Juvenil 2010 sub10"]
[Site "Porto Carras GRE"]
[Date "2010.10.21"]
[Round "2.7"]
[White "Petrov, Martin"]
[Black "Makukins, Maksims"]
[Result "1-0"]
[WhiteElo "1858"]
[BlackElo "1644"]
[PlyCount "65"]
[EventDate "2010.10.20"]
[EventType "swiss"]
[EventRounds "11"]
[EventCountry "GRE"]
[Source "lmi"]
[SourceDate "2010.10.20"]

1. e4 c5 2. Nf3 Nc6 3. d4 cxd4 4. Nxd4 Nf6 5. Nc3 d6 6. Be2 e5 7. Nb3 Be7 8.
O-O O-O 9. f4 a5 10. a4 Qb6+ 11. Kh1 Be6 12. Nd5 Bxd5 13. exd5 Na7 14. Bf3 Nd7
15. Qe1 Nc8 16. Bd2 Bd8 17. f5 Ne7 18. g4 Nf6 19. Be3 Qc7 20. Qd2 e4 21. g5
Nfxd5 22. Bxe4 Nxe3 23. Qxe3 d5 24. Bd3 Qd6 25. Rae1 Bc7 26. Qh3 f6 27. Re6 Qd7
28. Nc5 Qe8 29. gxf6 Rxf6 30. Rxf6 gxf6 31. Rg1+ Kh8 32. Ne6 Qd7 33. Rg7 1-0

[Event "Wch Juvenil 2010 sub10"]
[Site "Porto Carras GRE"]
[Date "2010.10.21"]
[Round "2.8"]
[White "Costachi, Mihnea"]
[Black "Ozen, Bahadir"]
[Result "1-0"]
[WhiteElo "1839"]
[BlackElo "1638"]
[PlyCount "67"]
[EventDate "2010.10.20"]
[EventType "swiss"]
[EventRounds "11"]
[EventCountry "GRE"]
[Source "lmi"]
[SourceDate "2010.10.20"]

1. d4 d5 2. c4 e6 3. Nc3 Nf6 4. cxd5 exd5 5. Bg5 Be7 6. Qc2 O-O 7. e3 Nbd7 8.
Bd3 c6 9. Nf3 Re8 10. O-O Nf8 11. a3 g6 12. b4 Ne6 13. Bh4 a6 14. Rfb1 Ng7 15.
a4 Bf5 16. b5 Bxd3 17. Qxd3 cxb5 18. axb5 a5 19. b6 Rc8 20. Rxa5 Ne4 21. Bxe7
Rxc3 22. Qxc3 Nxc3 23. Bxd8 Nxb1 24. Bc7 Nc3 25. Ra7 Nb5 26. Rxb7 Nxc7 27. bxc7
Ne6 28. Ne5 Nxc7 29. Rxc7 Rf8 30. Rd7 h6 31. Nf3 Ra8 32. g4 Re8 33. Rxd5 Kg7
34. Rd7 1-0

[Event "Wch Juvenil 2010 sub10"]
[Site "Porto Carras GRE"]
[Date "2010.10.22"]
[Round "3.2"]
[White "Gholami, Aryan"]
[Black "Gupta, Bhaskar"]
[Result "1/2-1/2"]
[WhiteElo "1902"]
[BlackElo "1742"]
[PlyCount "135"]
[EventDate "2010.10.20"]
[EventType "swiss"]
[EventRounds "11"]
[EventCountry "GRE"]
[Source "lmi"]
[SourceDate "2010.10.20"]

1. e4 e6 2. d4 d5 3. Nd2 Nf6 4. e5 Nfd7 5. Bd3 c5 6. c3 Nc6 7. Ne2 cxd4 8. cxd4
f6 9. exf6 Nxf6 10. Nf3 Bd6 11. O-O O-O 12. Bf4 Bxf4 13. Nxf4 Ne4 14. Qc1 Ng5
15. Nxg5 Qxg5 16. Bxh7+ Kxh7 17. Nxe6 Qf5 18. Nxf8+ Qxf8 19. Qg5 Qf5 20. Qh4+
Kg8 21. Rfe1 Bd7 22. Re3 Qg4 23. Qxg4 Bxg4 24. h3 Bf5 25. Rd1 Kf7 26. g4 Be4
27. f3 Bg6 28. Kf2 Rc8 29. Rc3 Ke6 30. h4 Kd6 31. h5 Bh7 32. Rd2 Rf8 33. Kg3
Ke6 34. Kh4 Kf6 35. Re3 Rd8 36. Kg3 Rh8 37. Re1 Rf8 38. Rh1 Re8 39. Kf4 g5+ 40.
hxg6 Bxg6 41. Kg3 Re3 42. Kf2 Rxf3+ 43. Kxf3 Be4+ 44. Kf4 Bxh1 45. Rh2 Be4 46.
g5+ Kg7 47. Rd2 Kg6 48. Kg4 b5 49. Kf4 a5 50. Re2 Nxd4 51. Rxe4 dxe4 52. Kxe4
Nc2 53. Kd5 b4 54. Kc4 a4 55. a3 b3 56. Kb5 Na1 57. Kxa4 Kxg5 58. Kb5 Kf6 59.
a4 Ke7 60. Kb6 Kd7 61. Kb7 Nc2 62. a5 Na3 63. a6 Nb5 64. a7 Nc7 65. Kb6 Kc8 66.
Kc5 Kb7 67. Kb4 Kxa7 68. Kxb3 1/2-1/2

[Event "Wch Juvenil 2010 sub10"]
[Site "Porto Carras GRE"]
[Date "2010.10.22"]
[Round "3.3"]
[White "Carnicelli, Valerio"]
[Black "Grela, Kacper"]
[Result "1-0"]
[WhiteElo "1880"]
[BlackElo "1698"]
[PlyCount "95"]
[EventDate "2010.10.20"]
[EventType "swiss"]
[EventRounds "11"]
[EventCountry "GRE"]
[Source "lmi"]
[SourceDate "2010.10.20"]

1. e4 c5 2. Nf3 e6 3. d4 cxd4 4. Nxd4 Nc6 5. Nb5 d6 6. Bf4 e5 7. Be3 a6 8. N5c3
Nf6 9. Bg5 Be7 10. Bxf6 Bxf6 11. Nd5 O-O 12. g3 Be6 13. Nbc3 Bg5 14. Bg2 b5 15.
O-O Qb8 16. f4 Bd8 17. f5 Bxd5 18. Nxd5 Qa7+ 19. Kh1 Qc5 20. f6 g6 21. Qd2 Nd4
22. Qh6 Ne6 23. Bh3 Ra7 24. Bxe6 fxe6 25. Ne7+ Rxe7 26. fxe7 Bxe7 27. Rxf8+
Bxf8 28. Qd2 d5 29. Qe2 Bd6 30. Rd1 Qc6 31. Qd3 d4 32. Rf1 a5 33. Qb3 Qxe4+ 34.
Kg1 Kg7 35. Qxb5 Qe3+ 36. Kg2 Qe4+ 37. Kh3 Kh6 38. Qd7 Qe2 39. Rf7 Qh5+ 40. Kg2
Qe2+ 41. Rf2 Qe4+ 42. Kh3 Bc5 43. Rf7 Qxc2 44. Rxh7+ Kg5 45. Qd8+ Kf5 46. Qh4
g5 47. Rf7+ Kg6 48. Qh7# 1-0

[Event "Wch Juvenil 2010 sub10"]
[Site "Porto Carras GRE"]
[Date "2010.10.22"]
[Round "3.4"]
[White "Amier, Hamzah B  Mohd Zuhr"]
[Black "Petrov, Martin"]
[Result "0-1"]
[WhiteElo "1743"]
[BlackElo "1858"]
[PlyCount "152"]
[EventDate "2010.10.20"]
[EventType "swiss"]
[EventRounds "11"]
[EventCountry "GRE"]
[Source "lmi"]
[SourceDate "2010.10.20"]

1. d4 Nf6 2. c4 e6 3. Nc3 Bb4 4. Qb3 Bxc3+ 5. Qxc3 b6 6. Nf3 Bb7 7. Bf4 O-O 8.
e3 d6 9. Be2 Nbd7 10. O-O Ne4 11. Qc2 f5 12. Rfd1 Qf6 13. Rac1 Rad8 14. Qb3 Kh8
15. c5 Bd5 16. Qa4 bxc5 17. Qxa7 Bc6 18. Qa3 Ra8 19. Qd3 e5 20. d5 Bb7 21. Qb3
Rfb8 22. Bg3 Ba6 23. Qc2 Bxe2 24. Qxe2 Rxa2 25. Rc2 Nxg3 26. hxg3 e4 27. Nh2
Rbxb2 28. Rxb2 Qxb2 29. Qe1 h6 30. g4 fxg4 31. Nxg4 h5 32. Nh2 Ne5 33. Rb1 Qd2
34. Rb8+ Kh7 35. Qf1 Rc2 36. Rb1 Nd3 37. Rd1 Qxd1 38. Qxd1 Rc1 39. Qxc1 Nxc1
40. Kf1 Nd3 41. f3 exf3 42. Nxf3 Ne5 43. Ng5+ Kh6 44. Ne6 c6 45. e4 cxd5 46.
exd5 g5 47. Ke2 h4 48. Ke3 Kh5 49. Ke4 c4 50. Ng7+ Kg4 51. Nf5 Nf7 52. Ne3+ Kg3
53. Kd4 h3 54. gxh3 Kxh3 55. Kxc4 g4 56. Kd4 g3 57. Ke4 g2 58. Nxg2 Kxg2 59.
Kf5 Kf3 60. Kf6 Ke4 61. Kxf7 Kxd5 62. Kf6 Ke4 63. Kg5 d5 64. Kg4 d4 65. Kg3 Ke3
66. Kg2 Ke2 67. Kh2 d3 68. Kg2 d2 69. Kh2 Kf2 70. Kh3 d1=Q 71. Kh4 Qg1 72. Kh5
Kf3 73. Kh6 Kf4 74. Kh7 Kf5 75. Kh8 Kf6 76. Kh7 Qg7# 0-1

[Event "Wch Juvenil 2010 sub10"]
[Site "Porto Carras GRE"]
[Date "2010.10.22"]
[Round "3.5"]
[White "Liao, Yu Hao"]
[Black "Costachi, Mihnea"]
[Result "0-1"]
[WhiteElo "1700"]
[BlackElo "1839"]
[PlyCount "128"]
[EventDate "2010.10.20"]
[EventType "swiss"]
[EventRounds "11"]
[EventCountry "GRE"]
[Source "lmi"]
[SourceDate "2010.10.20"]

1. e4 e5 2. Nf3 Nc6 3. Bb5 a6 4. Ba4 Nf6 5. d3 b5 6. Bb3 Be7 7. O-O d6 8. c3
O-O 9. Re1 Na5 10. Bc2 c5 11. Nbd2 Re8 12. h3 Nc6 13. Nf1 h6 14. g4 Nh7 15. Ng3
Ng5 16. Kg2 Nxf3 17. Qxf3 Bg5 18. Be3 Ne7 19. Ne2 Ng6 20. Kh2 Re6 21. Rf1 Rf6
22. Qg3 Nf4 23. Bxf4 Bxf4 24. Nxf4 Rxf4 25. f3 Qf6 26. Rf2 h5 27. g5 Qe7 28.
Rg1 g6 29. d4 Ra7 30. Rd2 c4 31. Rgd1 Kg7 32. Rg1 Kh7 33. Bd1 Qe6 34. Be2 Re7
35. dxe5 dxe5 36. Rgd1 Qb6 37. Qg1 Qe6 38. Qg3 Rd7 39. Rd5 Rxd5 40. Rxd5 f6 41.
gxf6 Qxf6 42. Rc5 Be6 43. Rc6 g5 44. Rd6 g4 45. Rxa6 h4 46. Qg2 gxf3 47. Rxe6
Qxe6 48. Bxf3 Qf6 49. Bg4 Kh6 50. Bf5 Qb6 51. Kh1 Qd6 52. Kh2 Kh5 53. b3 Kh6
54. bxc4 bxc4 55. a4 Qb6 56. Kh1 Rf2 57. Qg1 Rb2 58. Qc1+ Kg7 59. Qg5+ Kf8 60.
Qxh4 Rb1+ 61. Kg2 Qg1+ 62. Kf3 Rf1+ 63. Ke2 Qg2+ 64. Ke3 Rf3# 0-1

[Event "Wch Juvenil 2010 sub10"]
[Site "Porto Carras GRE"]
[Date "2010.10.22"]
[Round "3.6"]
[White "Tin, Jingyao"]
[Black "Tomulic, Teo"]
[Result "1-0"]
[WhiteElo "1828"]
[BlackElo "1591"]
[PlyCount "99"]
[EventDate "2010.10.20"]
[EventType "swiss"]
[EventRounds "11"]
[EventCountry "GRE"]
[Source "lmi"]
[SourceDate "2010.10.20"]

1. d4 c5 2. d5 Nf6 3. Nc3 g6 4. e4 d6 5. Be2 Bg7 6. Bf4 a6 7. a4 O-O 8. Nf3 Bg4
9. Nd2 Bxe2 10. Qxe2 Nbd7 11. O-O Nh5 12. Be3 Qc7 13. a5 Rfe8 14. Nc4 Ne5 15.
Nb6 Rad8 16. Nca4 Nd7 17. c3 Nxb6 18. Nxb6 Nf6 19. f3 Nd7 20. Nc4 Ra8 21. Ra3
Rac8 22. Rc1 Qd8 23. Raa1 Rf8 24. Rab1 Rb8 25. b4 cxb4 26. cxb4 Rc8 27. Qd2 Qe8
28. Rc2 Ne5 29. Nb6 Rxc2 30. Qxc2 Nd7 31. Qc7 Nxb6 32. Bxb6 Qc8 33. Rc1 Qxc7
34. Rxc7 Bf6 35. Kf2 Rb8 36. Ke3 Kf8 37. Ba7 Ra8 38. Rxb7 Rc8 39. Bd4 Bxd4+ 40.
Kxd4 Rc2 41. Rb6 Rxg2 42. Rxa6 h5 43. b5 Ke8 44. b6 Kd7 45. b7 Kc7 46. Rb6 Kb8
47. a6 Ra2 48. Rc6 Rb2 49. Rc8+ Ka7 50. Ra8+ 1-0

[Event "Wch Juvenil 2010 sub10"]
[Site "Porto Carras GRE"]
[Date "2010.10.22"]
[Round "3.7"]
[White "Lagunow, Raphael"]
[Black "Djordjevic, Vuk"]
[Result "1-0"]
[WhiteElo "1623"]
[BlackElo "1826"]
[PlyCount "141"]
[EventDate "2010.10.20"]
[EventType "swiss"]
[EventRounds "11"]
[EventCountry "GRE"]
[Source "lmi"]
[SourceDate "2010.10.20"]

1. e4 c5 2. c3 d6 3. Nf3 Nf6 4. h3 Bd7 5. d3 Nc6 6. Nbd2 e6 7. g3 Be7 8. Bg2
Rb8 9. O-O O-O 10. Ne1 Ne8 11. f4 f5 12. a4 Nc7 13. Nc4 d5 14. Ne3 d4 15. Nc4
a6 16. a5 Nb5 17. Qb3 Kh8 18. Nf3 Qe8 19. Nfe5 Bf6 20. Bd2 Bxe5 21. Nxe5 Nxe5
22. fxe5 Qe7 23. Rae1 dxc3 24. bxc3 fxe4 25. Bxe4 Bc6 26. Bxc6 bxc6 27. Qc4 h6
28. Qe4 Rxf1+ 29. Rxf1 Rf8 30. Rf4 Rxf4 31. gxf4 Qh4 32. Kg2 Qh5 33. Qf3 Qg6+
34. Kf2 Qe8 35. Ke2 Qd7 36. Qe4 Qe8 37. Ke3 Qd7 38. Qc4 Qe7 39. Be1 Kh7 40. Kd2
g6 41. Bf2 Qf7 42. Qe4 Qc7 43. Bxc5 Qxa5 44. Bb4 Qb6 45. Qe3 Qxe3+ 46. Kxe3 c5
47. Ba5 Kg7 48. h4 h5 49. Kd2 Kf7 50. Bb6 Ke8 51. Bxc5 Kd7 52. c4 Nc7 53. Kc3
Kc6 54. d4 Ne8 55. Bf8 Nc7 56. Kd3 a5 57. Kc3 Na8 58. Bc5 Nc7 59. Kb3 Ne8 60.
Bf8 Nc7 61. Ka4 Na6 62. Bd6 Kb6 63. d5 exd5 64. cxd5 g5 65. fxg5 Nb8 66. Bxb8
Ka6 67. g6 Kb7 68. g7 Ka8 69. g8=Q Kb7 70. Kb5 a4 71. Qf7+ 1-0

[Event "Wch Juvenil 2010 sub10"]
[Site "Porto Carras GRE"]
[Date "2010.10.23"]
[Round "4.2"]
[White "Puranik, Abhimanyu"]
[Black "Carnicelli, Valerio"]
[Result "1-0"]
[WhiteElo "1790"]
[BlackElo "1880"]
[PlyCount "55"]
[EventDate "2010.10.20"]
[EventType "swiss"]
[EventRounds "11"]
[EventCountry "GRE"]
[Source "lmi"]
[SourceDate "2010.10.20"]

1. e4 e5 2. Nf3 Nc6 3. Bb5 a6 4. Ba4 Nf6 5. d3 b5 6. Bb3 Be7 7. O-O O-O 8. Re1
d6 9. c3 Bg4 10. Nbd2 Na5 11. Bc2 c5 12. Nf1 Nc6 13. Ng3 Re8 14. h3 Bd7 15. a4
b4 16. d4 Qc7 17. d5 Na7 18. Nh2 bxc3 19. bxc3 Qa5 20. Bd2 Rab8 21. c4 Qc7 22.
f4 exf4 23. Bxf4 Bf8 24. Nf3 h6 25. Qd3 g6 26. e5 dxe5 27. Nxe5 Bd6 28. Nxf7
1-0

[Event "Wch Juvenil 2010 sub10"]
[Site "Porto Carras GRE"]
[Date "2010.10.23"]
[Round "4.3"]
[White "Petrov, Martin"]
[Black "Lopez Mulet, Inigo"]
[Result "1/2-1/2"]
[WhiteElo "1858"]
[BlackElo "1779"]
[PlyCount "72"]
[EventDate "2010.10.20"]
[EventType "swiss"]
[EventRounds "11"]
[EventCountry "GRE"]
[Source "lmi"]
[SourceDate "2010.10.20"]

1. e4 c5 2. Nf3 Nc6 3. d4 cxd4 4. Nxd4 g6 5. Nc3 Bg7 6. Be3 Nf6 7. Bc4 O-O 8.
Bb3 d6 9. f3 Bd7 10. Qd2 Nxd4 11. Bxd4 b5 12. a4 bxa4 13. Bxa4 h5 14. Bb3 Bc6
15. O-O Qd7 16. Qf2 a5 17. Na4 Bxa4 18. Rxa4 Qb5 19. Rfa1 Nd7 20. Bc4 Bxd4 21.
Bxb5 Bxf2+ 22. Kxf2 Nc5 23. Rxa5 Rab8 24. b4 Ne6 25. c3 Rfc8 26. R1a3 Kg7 27.
Ke3 Rc7 28. c4 Rcb7 29. Ra7 Nc7 30. Bc6 Rxa7 31. Rxa7 Ne6 32. Rb7 Ra8 33. Rxe7
Ra3+ 34. Kf2 Ra2+ 35. Kf1 Ra1+ 36. Kf2 Ra2+ 1/2-1/2

[Event "Wch Juvenil 2010 sub10"]
[Site "Porto Carras GRE"]
[Date "2010.10.23"]
[Round "4.4"]
[White "Costachi, Mihnea"]
[Black "Lagunow, Raphael"]
[Result "0-1"]
[WhiteElo "1839"]
[BlackElo "1623"]
[PlyCount "90"]
[EventDate "2010.10.20"]
[EventType "swiss"]
[EventRounds "11"]
[EventCountry "GRE"]
[Source "lmi"]
[SourceDate "2010.10.20"]

1. d4 Nf6 2. c4 c5 3. d5 b5 4. Qc2 bxc4 5. e4 d6 6. Bxc4 g6 7. Nc3 Bg7 8. Nf3
Nbd7 9. O-O O-O 10. h3 Rb8 11. Bf4 Rb4 12. Bd3 Qb6 13. Rab1 Ba6 14. a3 Bxd3 15.
Qxd3 Rb3 16. Nd2 Rb8 17. Nxb3 Qxb3 18. f3 Nh5 19. Bd2 Ng3 20. Rfe1 Ne5 21. Qe3
Ng4 22. Qg5 Bd4+ 23. Re3 Nxe3 24. Bxe3 f6 25. Qxg3 Bxe3+ 26. Kh1 Qxc3 27. Qg4
Qe5 28. b4 f5 29. Qh4 fxe4 30. fxe4 Qg5 31. Qe1 Bf4 32. g4 Be5 33. Qe2 Qh4 34.
Rb3 cxb4 35. axb4 Bd4 36. Rf3 Rxb4 37. Qf1 Rb2 38. Rf8+ Kg7 39. Rf7+ Kh6 40.
Qc1+ g5 41. Rf3 Rf2 42. Rd3 Be5 43. Qe3 Bf4 44. Qxa7 Rh2+ 45. Kg1 Qe1# 0-1

[Event "Wch Juvenil 2010 sub10"]
[Site "Porto Carras GRE"]
[Date "2010.10.23"]
[Round "4.5"]
[White "Drozdowski, Konrad"]
[Black "Tin, Jingyao"]
[Result "1/2-1/2"]
[WhiteElo "1769"]
[BlackElo "1828"]
[PlyCount "120"]
[EventDate "2010.10.20"]
[EventType "swiss"]
[EventRounds "11"]
[EventCountry "GRE"]
[Source "lmi"]
[SourceDate "2010.10.20"]

1. e4 c5 2. Nf3 d6 3. d4 cxd4 4. Nxd4 Nf6 5. f3 e5 6. Nb3 d5 7. exd5 Qxd5 8.
Qxd5 Nxd5 9. Bc4 Nb6 10. Bb5+ Bd7 11. Bxd7+ N8xd7 12. O-O Rc8 13. c3 f5 14. Re1
Kf7 15. Be3 Nc4 16. Re2 a6 17. Bf2 Bd6 18. Rc2 Nf6 19. N1d2 Nxd2 20. Rxd2 Be7
21. Re1 e4 22. Bh4 exf3 23. gxf3 Rhd8 24. Rde2 Rd7 25. Nd4 g6 26. Bg5 Bc5 27.
Kg2 Bxd4 28. cxd4 Nd5 29. Kg3 Kg7 30. Bf4 h6 31. Be5+ Kf7 32. f4 Rdd8 33. Rd2
Rc6 34. h4 Re8 35. Rde2 Rc4 36. Kf3 Rec8 37. Rg1 Rg8 38. Reg2 Nf6 39. Bxf6 Kxf6
40. Rd2 Rd8 41. d5 Rd6 42. Rdg2 Kf7 43. h5 Rxd5 44. Rxg6 Rd3+ 45. Ke2 Rh3 46.
Rg7+ Ke6 47. Rxb7 Rxh5 48. Rb6+ Kd5 49. Rxa6 Rh2+ 50. Kd3 Rd4+ 51. Kc3 Rh3+ 52.
Kc2 Rxf4 53. Ra5+ Kc6 54. Ra6+ Kb5 55. Ra8 Rf2+ 56. Kb1 Rhh2 57. Rb8+ Kc6 58.
a4 Rf4 59. a5 Ra4 60. Rg6+ Kc5 1/2-1/2

[Event "Wch Juvenil 2010 sub10"]
[Site "Porto Carras GRE"]
[Date "2010.10.23"]
[Round "4.9"]
[White "Haring, Viktor"]
[Black "Barrish, Daniel"]
[Result "1-0"]
[WhiteElo "1893"]
[BlackElo "1684"]
[PlyCount "85"]
[EventDate "2010.10.20"]
[EventType "swiss"]
[EventRounds "11"]
[EventCountry "GRE"]
[Source "lmi"]
[SourceDate "2010.10.20"]

1. e4 c5 2. Nf3 d6 3. d4 cxd4 4. Nxd4 Nf6 5. Nc3 g6 6. Be3 Bg7 7. f3 O-O 8. Qd2
Nc6 9. Bc4 Bd7 10. Bb3 Rc8 11. O-O-O Ne5 12. Kb1 Re8 13. h4 h5 14. Bh6 Nc4 15.
Bxc4 Rxc4 16. Bxg7 Kxg7 17. Nd5 Nxd5 18. exd5 Qc8 19. g4 Rh8 20. Qe2 e5 21.
dxe6 fxe6 22. Nb3 Rc6 23. Rxd6 Qc7 24. Qe5+ Kg8 25. Rhd1 Rxd6 26. Rxd6 hxg4 27.
Qd4 Be8 28. Rxe6 Qd7 29. Rxg6+ Kh7 30. Rd6 Qg7 31. Qxg4 Bc6 32. Qh5+ Kg8 33.
Rd8+ Qf8 34. Rxf8+ Kxf8 35. Qxh8+ Kf7 36. Nd4 Ke7 37. Nxc6+ bxc6 38. h5 Kf7 39.
h6 Ke7 40. Qe5+ Kf7 41. h7 Kg6 42. h8=Q Kf7 43. Qef6# 1-0

[Event "Wch Juvenil 2010 sub10"]
[Site "Porto Carras GRE"]
[Date "2010.10.24"]
[Round "5.3"]
[White "Drozdowski, Konrad"]
[Black "Petrov, Martin"]
[Result "1/2-1/2"]
[WhiteElo "1769"]
[BlackElo "1858"]
[PlyCount "48"]
[EventDate "2010.10.20"]
[EventType "swiss"]
[EventRounds "11"]
[EventCountry "GRE"]
[Source "lmi"]
[SourceDate "2010.10.20"]

1. e4 c5 2. Nf3 d6 3. d4 cxd4 4. Nxd4 Nf6 5. f3 a6 6. c4 g6 7. Nc3 Bg7 8. Be3
O-O 9. Be2 Bd7 10. O-O Nc6 11. Rc1 Rc8 12. Qd2 Re8 13. Rfd1 Qa5 14. Nb3 Qd8 15.
Na4 Nd4 16. Bxd4 Bxa4 17. Qb4 Bxb3 18. Qxb3 Nd7 19. Be3 Qc7 20. Rd5 b6 21. Rdd1
Qb7 22. Rc2 Rc7 23. Rdc1 Rec8 24. Qd3 Nc5 1/2-1/2

[Event "Wch Juvenil 2010 sub10"]
[Site "Porto Carras GRE"]
[Date "2010.10.24"]
[Round "5.4"]
[White "Tin, Jingyao"]
[Black "Gupta, Bhaskar"]
[Result "0-1"]
[WhiteElo "1828"]
[BlackElo "1742"]
[PlyCount "88"]
[EventDate "2010.10.20"]
[EventType "swiss"]
[EventRounds "11"]
[EventCountry "GRE"]
[Source "lmi"]
[SourceDate "2010.10.20"]

1. d4 d5 2. c4 e6 3. Nc3 c6 4. Nf3 dxc4 5. a4 Bb4 6. Bd2 b5 7. e3 a5 8. axb5
Bxc3 9. Bxc3 cxb5 10. b3 Bb7 11. bxc4 b4 12. Bd2 Nf6 13. Bd3 O-O 14. O-O Nbd7
15. Re1 Nc5 16. Ne5 Nxd3 17. Nxd3 Nd7 18. Qg4 e5 19. d5 f5 20. Qg3 Qe7 21. e4
f4 22. Nxf4 exf4 23. Bxf4 Rxf4 24. Qxf4 Ne5 25. Rad1 Rc8 26. d6 Qe6 27. Rd4
Rxc4 28. Rxc4 Nxc4 29. Rd1 Bc6 30. f3 b3 31. Qg5 Bd7 32. Qd8+ Kf7 33. Rd5 b2
34. Qb8 a4 35. Rf5+ Kg6 36. h4 a3 37. Kf2 Qxd6 38. Qd8 Qd2+ 39. Kg3 Bxf5 40.
exf5+ Kh6 41. Qe8 b1=Q 42. Qe6+ g6 43. Qxc4 Qde1+ 44. Kh3 Qxf5+ 0-1

[Event "Wch Juvenil 2010 sub10"]
[Site "Porto Carras GRE"]
[Date "2010.10.24"]
[Round "5.5"]
[White "Xiong, Jeffrey"]
[Black "Koziol, Kamil"]
[Result "0-1"]
[WhiteElo "1824"]
[BlackElo "1714"]
[PlyCount "74"]
[EventDate "2010.10.20"]
[EventType "swiss"]
[EventRounds "11"]
[EventCountry "GRE"]
[Source "lmi"]
[SourceDate "2010.10.20"]

1. e4 c5 2. Nf3 Nc6 3. d4 cxd4 4. Nxd4 Nf6 5. Nc3 e6 6. Ndb5 Bb4 7. a3 Bxc3+ 8.
Nxc3 d5 9. exd5 exd5 10. Bg5 d4 11. Qe2+ Be6 12. O-O-O O-O 13. Ne4 Rc8 14.
Nxf6+ gxf6 15. Bh6 Re8 16. Qf3 Kh8 17. Bd3 Ne5 18. Qe4 Nxd3+ 19. Qxd3 Qc7 20.
Rd2 Red8 21. f4 Qc5 22. Qf3 Bf5 23. Qb3 Rd7 24. h3 Rdc7 25. Qg3 Rg8 26. Qh4 Qc6
27. Kb1 Bxc2+ 28. Ka1 Bb3 29. Rb1 Qd6 30. f5 Rc4 31. Re1 d3 32. Qf2 Rgc8 33.
Qf1 Bc2 34. Rf2 Ra4 35. Bc1 Rc3 36. Ka2 Rcxa3+ 37. bxa3 Qd5+ 0-1